000 01013nam2a22002651 4500
001 RU\NLR\INFOCOMM31\5000010951
005 20041101162139.1
035 _a(NLR Aleph) 002341616
090 _a4484516
_c4484516
100 _a20041101d1976 |||y0rusy50 ca
101 0 _arus
102 _aRU
105 _ay ||||000|y
200 1 _aСбор, обработка и анализ информации об эксплуатационной надежности сельскохозяйственной техники
_fП.П. Милаев и др.
210 _d[1976]
309 _aНа тит. л. и обл. дата: 1975
461 0 _1001RU\NLR\INFOCOMM31\5000010918
_12001#$aНаучно-технический бюллетень$fСиб. отд.-ние ВАСХНИЛ. СИБИМЭ$v[1976], Вып.1
700 1 _aМилаев
_bП. П.
_4070
801 0 _aRU
_bNLR
_gPSBO
801 1 _aRU
_bInfoComm
_c20041101
852 _aNLR
_jП13/1444
942 _cISSUE
980 _aNB
980 _aRUSPER